Weatherwise

Bibliographic Details
Corporate Authors: Amateur Weathermen of America, American Meteorological Society
Format: Electronic Journal
Language:English
Published: Washington, D.C. : Heldref Publications
Philadelphia, PA : Taylor & Francis, Inc.
Subjects:
Online Access:Full text available from Research Library: 02/01/1988 to 11/30/2010

MARC

LEADER 00000nas a2200000 a 4500
001 ssj0012205
003 WaSeSS
005 20200512172242.0
006 m d
007 cr n
008 990428c19489999paubr pss 0 a0eng c
010 |a  2007215270 
015 |a GBB637635  |2 bnb 
016 7 |a 017673748  |2 Uk 
022 |a 1940-1310  |l 0043-1672  |y 0043-1672 
035 |a (WaSeSS)ssj0012205 
037 |b Taylor & Francis, Inc., 530 Walnut Street, Suite 850, Philadelphia, PA 19106 
040 |a CSL  |b eng  |e pn  |c CSL  |d OCL  |d OCLCQ  |d UV0  |d NSD  |d CFI  |d OCLCQ  |d DLC  |d OCLCQ  |d OCLCF  |d OCLCO  |d OCLCQ  |d UMC  |d OCLCO  |d NLE  |d UKMGB  |d VT2  |d DLC  |d WaSeSS 
042 |a pcc  |a nsdp 
050 0 0 |a QC851 
082 0 4 |a 551.505 
130 0 |a Weatherwise (Online) 
222 0 |a Weatherwise  |b (Online) 
245 1 0 |a Weatherwise  |h [electronic resource]. 
260 |a Washington, D.C. :  |b Heldref Publications 
260 3 |3 <2010->:  |a Philadelphia, PA :  |b Taylor & Francis, Inc. 
310 |a Bimonthly 
362 1 |a Began in 1948. 
506 |a License restrictions may limit access. 
550 |a Published 1948-1951 by the Amateur Weathermen of America; 1952-Aug. 1969 by the American Meteorological Society; Oct. 1969-Oct. 1976 by Weatherwise, inc. for the American Meteorological Society and others. 
588 |a Description based on: Feb./Mar. 1997; title from title screen (viewed Apr. 19, 1999). 
588 |a Latest issue consulted: Vol. 72, no. 3 (2019) (Taylor & Francis website, viewed May 3, 2019). 
650 0 |a Meteorology  |v Periodicals. 
650 7 |a Meteorology.  |2 fast  |0 (OCoLC)fst01018441 
655 0 |a Electronic journals. 
710 2 |a Amateur Weathermen of America. 
710 2 |a American Meteorological Society. 
776 0 8 |i Print version:  |t Weatherwise  |x 0043-1672  |w (DLC) 60040716  |w (OCoLC)1714187 
850 |a DLC 
856 4 0 |z Full text available from Research Library: 02/01/1988 to 11/30/2010  |u https://search.proquest.com/publication/25126